JTEC panel report on optoelectronics in Japan and the United States

Zapisane w:
Opis bibliograficzny
Format: Książka
Język:Undetermined
Wydane: Baltimore International Technology Research Institute 1996
Hasła przedmiotowe:
Etykiety: Dodaj etykietę
Nie ma etykietki, Dołącz pierwszą etykiete!
Thư viện lưu trữ: Trung tâm Học liệu Trường Đại học Cần Thơ
LEADER 00550nam a2200181Ia 4500
001 CTU_99180
008 210402s9999 xx 000 0 und d
082 |a 338.4 
082 |b J89/1996 
245 0 |a JTEC panel report on optoelectronics in Japan and the United States 
245 0 |c Stephen R. Forrest ... [et al.] 
260 |a Baltimore 
260 |b International Technology Research Institute 
260 |c 1996 
650 |a Technology transfer 
650 |z Japan 
904 |i Giang 
980 |a Trung tâm Học liệu Trường Đại học Cần Thơ